Plus grandes villes du monde par lettre - I/J - Statistiques

Statistiques générales
  • Ce quiz a été pris 298 fois
  • Le résultat moyen est 7 sur 14
Statistiques - réponses
Pays Population Ville % Correct
Indonésie 35.143 Mio Jakarta
93%
Turquie 15.068 Mio Istanbul
91%
Afrique du Sud 14.717 Mio Johannesburg
88%
Israël 4.006 Mio Jérusalem
87%
Pakistan 7.902 Mio Islamabad - Rawalpindi
83%
États-Unis 2.457 Mio Indianapolis
53%
Turquie 4.321 Mio Izmir
48%
Inde 3.211 Mio Jaipur
37%
Russie 2.211 Mio Iekaterinbourg
34%
Iran 3.570 Mio Ispahan
32%
Nigéria 5.881 Mio Ibadan
23%
Malaisie 2.401 Mio Johor Bahru
10%
Inde 2.167 Mio Indore
9%
Chine 4.694 Mio Jinan
9%
Aucun quiz correspondant
Distribution des résultats
% des personnes avec chaque résultat
Percentile par nombre de réponses
Votre historique - résultats
Vous n’avez pas pris ce quiz